书目信息 |
| 题名: |
国际私法学
|
|
| 作者: | 丁伟 主编 | |
| 分册: | ||
| 出版信息: | 上海 上海人民出版社 2004.08 |
|
| 页数: | 644页 | |
| 开本: | 26cm | |
| 丛书名: | ||
| 单 册: | ||
| 中图分类: | D997-43 | |
| 科图分类: | ||
| 主题词: | 国际私法--guo ji si fa--法的理论--高等学校--教材 | |
| 电子资源: | ||
| ISBN: | 7-208-05251-4 | |
| 000 | 00839nam0 2200241 450 | |
| 001 | 012006858540 | |
| 005 | 20061130091500.42 | |
| 010 | @a7-208-05251-4@dCNY55.00 | |
| 100 | @a20061027d2004 km y0chiy0120 ea | |
| 101 | 0 | @achi |
| 102 | @aCN@b310000 | |
| 105 | @ay a 000yy | |
| 200 | 1 | @a国际私法学@Aguo ji si fa xue@f丁伟主编@Fding wei zhu bian |
| 210 | @a上海@c上海人民出版社@d2004.08 | |
| 215 | @a644页@d26cm | |
| 300 | @a新世纪法学教材 | |
| 320 | @a有书目。 | |
| 330 | @a本书着重论述了国际私法的理论学说和法律制度,阐明了国际私法的基本原理、基本制度和基础知识,并围绕国际私法的基本理论,全面反映国际司法领域各国及国际上最新立法动态和司法实践。 | |
| 606 | 0 | @a国际私法@Aguo ji si fa@x法的理论@x高等学校@j教材 |
| 690 | @aD997-43@v4 | |
| 701 | 0 | @a丁伟@Ading wei@4主编 |
| 801 | 0 | @aCN@c20061130 |
| 905 | @a10447@dD997-43@eD573 | |
| 国际私法学/丁伟主编.-上海:上海人民出版社,2004.08 |
| 644页;26cm |
| 新世纪法学教材 |
| ISBN 7-208-05251-4:CNY55.00 |
| 本书着重论述了国际私法的理论学说和法律制度,阐明了国际私法的基本原理、基本制度和基础知识,并围绕国际私法的基本理论,全面反映国际司法领域各国及国际上最新立法动态和司法实践。 |
| ● |
| 相关链接 |
|
|
|
正题名:国际私法学
索取号:D997-43/D573
 
预约/预借
| 序号 | 登录号 | 条形码 | 馆藏地/架位号 | 状态 | 备注 |
| 1 | 223811 | 202238113 | 社科库509/509社科库 111排2列2层/ [索取号:D997-43/D573] | 在馆 | |
| 2 | 223812 | 202238122 | 社科库509/509社科库 111排2列2层/ [索取号:D997-43/D573] | 在馆 |